Machine learning techniques for space weather/ (Record no. 170110)

MARC details
000 -LEADER
fixed length control field 01009nam a2200301 a 4500
008 - FIXED-LENGTH DATA ELEMENTS--GENERAL INFORMATION
fixed length control field
020 ## - INTERNATIONAL STANDARD BOOK NUMBER
International Standard Book Number 9780128117880 (paperback)
040 ## - CATALOGING SOURCE
Original cataloging agency NUST
Transcribing agency NUST
049 ## - LOCAL HOLDINGS (OCLC)
Holding library MAIN
090 ## - LOCALLY ASSIGNED LC-TYPE CALL NUMBER (OCLC); LOCAL CALL NUMBER (RLIN)
Classification number (OCLC) (R) ; Classification number, CALL (RLIN) (NR) TL1489
Local cutter number (OCLC) ; Book number/undivided call number, CALL (RLIN) MAC
003 - CONTROL NUMBER IDENTIFIER
control field
005 - DATE AND TIME OF LATEST TRANSACTION
control field 20230123141236.0
245 10 - TITLE STATEMENT
Title Machine learning techniques for space weather/
Statement of responsibility, etc. edited by Enrico Camporeale ; Simon Wing & Jay R Johnson.
260 ## - PUBLICATION, DISTRIBUTION, ETC.
Place of publication, distribution, etc. Amsterdam, Netherlands :
Name of publisher, distributor, etc. Elsevier,
Date of publication, distribution, etc. 2018.
300 ## - PHYSICAL DESCRIPTION
Extent xviii, 433 pages :
Other physical details illustrations (some colour) ;
Dimensions 24 cm.
336 ## - CONTENT TYPE
Content type term text
Content type code txt
Source rdacontent
337 ## - MEDIA TYPE
Media type term unmediated
Media type code n
Source rdamedia
338 ## - CARRIER TYPE
Carrier type term volume
Carrier type code nc
Source rdacarrier
500 ## - GENERAL NOTE
General note Includes index.
504 ## - BIBLIOGRAPHY, ETC. NOTE
Bibliography, etc. note Includes bibliographical references.
650 #1 - SUBJECT ADDED ENTRY--TOPICAL TERM
Topical term or geographic name entry element Machine learning.
650 ## - SUBJECT ADDED ENTRY--TOPICAL TERM
Topical term or geographic name entry element Space environment.
700 ## - ADDED ENTRY--PERSONAL NAME
Personal name Camporeale, Enrico.,
-- editor.
700 ## - ADDED ENTRY--PERSONAL NAME
Personal name Wing, Simon.,
-- editor.
700 ## - ADDED ENTRY--PERSONAL NAME
Personal name Johnson, Jay R.,
-- editor.
907 ## - LOCAL DATA ELEMENT G, LDG (RLIN)
a .b10416432
b 14-03-22
c 14-03-22
942 ## - ADDED ENTRY ELEMENTS (KOHA)
Koha item type Ordinary Loan Books
Call number prefix TL1489
Call number suffix MAC
Holdings
Date last seen Total Checkouts Full call number Barcode Cost, replacement price Price effective from Koha item type Lost status Source of classification or shelving scheme Damaged status Not for loan Collection Withdrawn status Home library Current library Shelving location Date acquired Cost, normal purchase price
01/23/2023   TL1489 MAC 92004047172 80.00 01/23/2023 BOOKS   LCC     NFIC   MAIN MAIN GEN 01/23/2023 80.00